Report of the Secretary of War, communicating, in answer to a resolution of the Senate, a statement showing what officers of the army belonging to the several regiments in service in the field, or at remote or frontier stations, are now absent from duty, and the cause of such absence in each case.

Bibliographic Details
Corporate Authors: United States. Congress. Senate. Committee on Printing, ProQuest (Firm)
Format: eBook
Language:English
Published: Washington : [publisher not identified], 1858.
Series:United States congressional serial set.
Subjects:
Online Access:Connect to the full text of this electronic book

MARC

Tag First Indicator Second Indicator Subfields
LEADER 00000cam a22000001a 4500
001 in00002875608
005 20190331192428.0
006 m o d
007 cr un mmmapmmp
008 061205s1858 dcud o f000 0 eng d
035 |a cis2004033861 
040 |a UMI  |c UMI  |d UtOrBLW 
043 |a n-us--- 
099 |a ProQuest Serial Set Number 929 S.exdoc.39 
110 1 |a United States.  |b Congress.  |b Senate.  |b Committee on Printing. 
245 1 0 |a Report of the Secretary of War, communicating, in answer to a resolution of the Senate, a statement showing what officers of the army belonging to the several regiments in service in the field, or at remote or frontier stations, are now absent from duty, and the cause of such absence in each case. 
246 1 |a Statement of officers of army belonging to regiments in service in field, or at remote or frontier stations, now absent from duty, and cause of such absence 
264 1 |a Washington :  |b [publisher not identified],  |c 1858. 
300 |a 1 online resource. 
336 |a text  |b txt  |2 rdacontent 
337 |a computer  |b c  |2 rdamedia 
338 |a online resource  |b cr  |2 rdacarrier 
490 0 |a S.exdoc.39 
500 |a Record is based on bibliographic data in ProQuest U.S. Serial Set Digital Collection (last viewed Dec. 2006). Reuse except for individual research requires license from ProQuest, LLC. 
510 3 |a ProQuest U.S. Serial Set Digital Collection 
500 |a Electronic resource. 
650 0 |a Armies. 
650 0 |a Military bases. 
650 0 |a Armed Forces  |x Officers. 
655 7 |a Electronic books.  |2 local 
710 2 |a ProQuest (Firm) 
830 0 |a United States congressional serial set. 
856 4 0 |u http://proxy.library.tamu.edu/login?url=http://congressional.proquest.com/congcomp/getdoc?SERIAL-SET-ID=929+S.exdoc.39  |z Connect to the full text of this electronic book  |t 0 
999 |a MARS 
999 f f |s 5fdba42b-80c9-368a-a4e2-5287f3d925c3  |i e340f158-f819-3261-bb8e-8683a3aac335  |t 0 
952 f f |a Texas A&M University  |b College Station  |c Electronic Resources  |d Available Online  |t 0  |e ProQuest Serial Set Number 929 S.exdoc.39  |h Other scheme 
998 f f |a ProQuest Serial Set Number 929 S.exdoc.39  |t 0  |l Available Online